Gigant s trojzubcem. Club Méditerranée na našem prahu.

Jednou z najvýznamnejších a najväčších cestovných kancelárií medzinárodného významu je francúzsky Club Méditerranée. Stručná história Clubu. Popis činnosti a úspechov Clubu. Záujem Clubu Med o Československo.

Guardado en:
Detalles Bibliográficos
Autor principal: Major, J.
Formato: Capítulo de libro
Lenguaje:checo
Materias:
Etiquetas: Agregar Etiqueta
Sin Etiquetas, Sea el primero en etiquetar este registro!

MARC

LEADER 00000naa a2200000 4500
001 r008518
005 20220831083638.9
041 0 |a cze 
044 |a [CS] 
245 1 0 |a Gigant s trojzubcem.  |b Club Méditerranée na našem prahu.  |c J. Major 
520 |a Jednou z najvýznamnejších a najväčších cestovných kancelárií medzinárodného významu je francúzsky Club Méditerranée. Stručná história Clubu. Popis činnosti a úspechov Clubu. Záujem Clubu Med o Československo. 
610 2 0 |a kancelárie cestovné 
610 2 0 |a Francúzsko 
610 2 0 |a marketing 
610 2 0 |a ČSFR 
610 2 0 |a ruch cestovný pasívny 
610 2 0 |a služby 
100 1 |a Major, J.